Music Quiz

Random Music or Lyrics Quiz
Score 0/20 Timer 05:00
0 Plays Today
Lyrics Song % Correct
The sea waves are my evening gown / And the sun on my head is my crownQueendom
93.8%
Can we carry the weight of mortality? / The explosions around you is your symphonyApple Tree
76.3%
My ears can hear and my mouth can speak / My spirit talks, I know my soul believesRunning With the Wolves
75.5%
And I built a cage to hide in / I'm hiding, I'm trying to battle the nightWarrior
72.8%
Don't you speak over my voice / I will return from the shadowsIt Happened Quiet
70%
I will water the ground where I stand / So the flowers can grow back againThe Seed
68.5%
Don't forget who you are even though you're in need / Like a bird in the night, your emotions deserves to be freedThe River
66.1%
Oh, lying in secret to myself / I've been putting sorrow on the farest place on my shelfRunaway
63.8%
Wrapped inside a cocoon made of flesh and bones / Doesn't really matter where you come fromHome
61.9%
I'm left behind with an empty hole / And everything I am is goneI Went Too Far
59.1%
Lyrics Song % Correct
I carry more than you see / My dreams are bigger than meAll is Soft Inside
56.4%
Imagine all the naked people under work machines / If I could not open my mouth, then would you talk for me?Hunger
49.4%
Let them run from the violence / The world is way too cold and bright for their eyesLittle Boy in the Grass
47.1%
Listening to the deep magnetic sound / Hunting for a victim, lying downSoulless Creatures
46.3%
I will kindly watch you sleep / I find out that your eyes are openIn Bottles
45.1%
Chaos came, we laid our head / Down on the feather cotton bedSoft Universe
43.6%
We are dancing again / In a dream, by the lakeWinter Bird
42.4%
I'm not home / In a place where love has been brokenGentle Earthquakes
40.1%
The rain against her skin / While she faces every sinUnder Stars
38.5%
For five days I will walk away / From the lonely life, I am done with painAll My Demons
28%

You're not logged in!

Compare scores with friends on all Sporcle quizzes.
OR
Log In

Sporcle TV

Today on Sporcle TV


Watch our educational content, quiz creation guides, and fun videos on Sporcle TV.

Show Comments

Extras

Top Quizzes Today


Score Distribution

Paid Content

Your Account Isn't Verified!

In order to create a playlist on Sporcle, you need to verify the email address you used during registration. Go to your Sporcle Settings to finish the process.

Report this User

Report this user for behavior that violates our Community Guidelines.

Details: